Normal view MARC view
  • Jan,Lubna

Entry Personal Name

Number of records used in: 4

001 - CONTROL NUMBER

  • control field: 5145

003 - CONTROL NUMBER IDENTIFIER

  • control field: NUST

005 - DATE AND TIME OF LATEST TRANSACTION

  • control field: 20171002162333.0

008 - FIXED-LENGTH DATA ELEMENTS

  • fixed length control field: 171002|| aca||aabn | a|a d

040 ## - CATALOGING SOURCE

  • Original cataloging agency: NUST
  • Transcribing agency: NUST

100 ## - HEADING--PERSONAL NAME

  • Personal name: Jan,Lubna

670 ## - SOURCE DATA FOUND

  • Source citation: Work cat.: (NUST): Jan,Lubna, Government size, factor accumulation and economic growth in developing countries , 2014
© 2023 Central Library, National University of Sciences and Technology. All Rights Reserved.